000 00716nam a2200229 a 4500
001 000025241
005 20200930023643.0
008 110209s1998 mx a r 000 | spa d
020 _a9686733485
040 _aDO-SdBNP
_bspa
_cBNPHU
082 _a133.52
_bB663a
100 1 _aBobadilla, Mario
_951731
245 1 0 _aAstrología védica :
_bel camino hindú hacia el éxito, la felicidad y la realización /
_cMario Bobadilla.
260 _aMéxico, D. F. :
_bYug,
_c1998.
300 _a227 p. ;
_c22 cm.
490 _aEsoterismo y Realidad
_v50
500 _aBibliografía : p. 227
650 4 _aZodíaco
_913119
650 4 _aAstrología
_925640
830 0 _aEsoterismo y Realidad ;
_v50
_947525
049 _aBNGR
999 _c24734
_d24734